Handbuch der politischen Oekonomie
Na minha lista:
| Formato: | Livro |
|---|---|
| Idioma: | alemão |
| Publicado em: |
Tübingen
Verlag der Laupp'schen Buchhandlung
1882
|
| Tags: |
Sem tags, seja o primeiro a adicionar uma tag!
|
MARC
| LEADER | 00000nam a2200000 4500 | ||
|---|---|---|---|
| 001 | 0313501 | ||
| 005 | 20251208101914.6 | ||
| 041 | 0 | |a ger | |
| 044 | |a DE | ||
| 245 | 1 | 0 | |a Handbuch der politischen Oekonomie |c Gustav Friedrich von Schönberg |
| 264 | 1 | |a Tübingen |b Verlag der Laupp'schen Buchhandlung |c 1882 | |